[Event "Steinfurt Bezirksliga 1314"]
[Site "Germany"]
[Date "2013.10.19"]
[Round "2.5"]
[White "Krueler, Andreas"]
[Black "Loecke, Christian"]
[Result "0-1"]
[WhiteElo "1456"]
[BlackElo "1754"]
[PlyCount "90"]
[EventDate "2013.09.14"]
[EventType "team-tourn"]
[EventRounds "9"]
[EventCountry "GER"]
[SourceTitle "EXT 2015"]
[Source "ChessBase"]
[SourceDate "2014.11.20"]
[SourceVersion "1"]
[SourceVersionDate "2014.11.20"]
[SourceQuality "1"]
[WhiteTeam "Steinfurt III"]
[BlackTeam "Emsdetten Turm III"]
[WhiteTeamCountry "GER"]
[BlackTeamCountry "GER"]

1. e4 d5 2. exd5 Nf6 3. Nc3 Nxd5 4. Nxd5 Qxd5 5. Qf3 Qe5+ 6. Ne2 Nc6 7. c3 Bf5 8. d4 Qf6 9. Ng3 Bg6 10. Qxf6 exf6 11. Bb5 0-0-0 12. Bxc6 bxc6 13. 0-0 Bd6 14. Re1 Rhe8 15. Bd2 Re6 16. Rxe6 fxe6 17. Re1 e5 18. Be3 Kb7 19. f3 exd4 20. Bxd4 c5 21. Be3 Re8 22. Kf2 Kc6 23. c4 Be5 24. b3 Bd4 25. Nf1 Bd3 26. Nd2 Bc3 27. f4 Bxd2 28. Bxd2 Rxe1 29. Kxe1 Bb1 30. a3 Ba2 31. b4 cxb4 32. Bxb4 Bxc4 33. g4 Kd5 34. Bf8 g6 35. Bg7 f5 36. g5 Ke4 37. Be5 c6 38. Kf2 Kd3 39. Bb8 a6 40. a4 Bb3 41. a5 c5 42. Ba7 c4 43. Be3 c3 44. Bc1 Kc2 45. Be3 Kd1 0-1

[Event "Steinfurt Bezirksliga 1213"]
[Site "Germany"]
[Date "2013.01.12"]
[Round "5.4"]
[White "Richter, Michael"]
[Black "Loecke, Christian"]
[Result "1/2-1/2"]
[WhiteElo "1612"]
[BlackElo "1752"]
[PlyCount "37"]
[EventDate "2012.09.22"]
[EventType "team-tourn"]
[EventRounds "9"]
[EventCountry "GER"]
[SourceTitle "EXT 2015"]
[Source "ChessBase"]
[SourceDate "2014.11.20"]
[SourceVersion "1"]
[SourceVersionDate "2014.11.20"]
[SourceQuality "1"]
[WhiteTeam "Reckenfeld"]
[BlackTeam "Emsdetten Turm III"]
[WhiteTeamCountry "GER"]
[BlackTeamCountry "GER"]

1. d4 d5 2. Nf3 Nf6 3. g3 Bf5 4. Bg2 e6 5. 0-0 Bd6 6. c4 c6 7. b3 0-0 8. Nbd2 Nbd7 9. Bb2 Re8 10. Rc1 Ne4 11. Nxe4 Bxe4 12. Nd2 Bxg2 13. Kxg2 e5 14. dxe5 Bxe5 15. Bxe5 Nxe5 16. cxd5 Qxd5+ 17. Nf3 Qe4 18. Qc2 Qxc2 19. Rxc2 1/2-1/2

[Event "Steinfurt Bezirksliga 1213"]
[Site "Germany"]
[Date "2012.11.24"]
[Round "3.4"]
[White "Moeller, Hans Michael"]
[Black "Loecke, Christian"]
[Result "1/2-1/2"]
[WhiteElo "1776"]
[BlackElo "1752"]
[PlyCount "69"]
[EventDate "2012.09.22"]
[EventType "team-tourn"]
[EventRounds "9"]
[EventCountry "GER"]
[SourceTitle "EXT 2015"]
[Source "ChessBase"]
[SourceDate "2014.11.20"]
[SourceVersion "1"]
[SourceVersionDate "2014.11.20"]
[SourceQuality "1"]
[WhiteTeam "Westerkappeln"]
[BlackTeam "Emsdetten Turm III"]
[WhiteTeamCountry "GER"]
[BlackTeamCountry "GER"]

1. f4 d5 2. Nf3 Nf6 3. e3 Bf5 4. b3 e6 5. Bb2 Bd6 6. Be2 Nbd7 7. 0-0 c6 8. Nd4 h5 9. Nxf5 exf5 10. c4 dxc4 11. Bxc4 Qe7 12. Qc2 g6 13. Nc3 0-0 14. Nd1 Ba3 15. Bxa3 Qxa3 16. Nf2 Rfe8 17. Rab1 Qe7 18. b4 Ne4 19. Rfe1 Ndf6 20. Nxe4 fxe4 21. d4 exd3 22. Qxd3 Qe4 23. Qxe4 Nxe4 24. Bd3 Kf8 25. Rb2 Rad8 26. Bxe4 Rxe4 27. Kf2 Ke7 28. Rb3 Ke6 29. a3 f5 30. Ke2 Rd5 31. Rd3 Rxd3 32. Kxd3 Kd6 33. Rc1 b6 34. g3 Kd5 35. Rc3 1/2-1/2

[Event "Steinfurt Bezirksklasse 1112"]
[Site "Germany"]
[Date "2012.02.25"]
[Round "6.1"]
[White "Loecke, Christian"]
[Black "Ulbricht Weiss, Wolfgang"]
[Result "1/2-1/2"]
[WhiteElo "1778"]
[BlackElo "1293"]
[PlyCount "54"]
[EventDate "2011.09.24"]
[EventType "team-tourn"]
[EventRounds "9"]
[EventCountry "GER"]
[SourceTitle "EXT 2013"]
[Source "ChessBase"]
[SourceDate "2012.11.22"]
[SourceVersion "1"]
[SourceVersionDate "2012.11.22"]
[SourceQuality "1"]
[WhiteTeam "Emsdetten Turm III"]
[BlackTeam "Rheine CC"]
[WhiteTeamCountry "GER"]
[BlackTeamCountry "GER"]

1. e4 c5 2. Nc3 e6 3. f4 Nc6 4. Nf3 d6 5. Bb5 Bd7 6. d3 Be7 7. 0-0 h6 8. Qe1 Nd4 9. Bxd7+ Qxd7 10. Nxd4 cxd4 11. Ne2 e5 12. f5 Nf6 13. c3 dxc3 14. Nxc3 0-0 15. Rf3 Nh5 16. Nd5 Bg5 17. Bxg5 hxg5 18. f6 g6 19. Rh3 Qg4 20. Qg3 Qxg3 21. Ne7+ Kh7 22. hxg3 g4 23. Rh4 Kh6 24. Rxg4 Nxf6 25. Rh4+ Kg5 26. Rc1 Nh5 27. Kf2 f5 1/2-1/2

[Event "Steinfurt Bezirksliga 1011"]
[Site "Germany"]
[Date "2010.11.06"]
[Round "2.2"]
[White "Hedwig, Johannes"]
[Black "Loecke, Christian"]
[Result "1/2-1/2"]
[WhiteElo "1731"]
[BlackElo "1783"]
[PlyCount "23"]
[EventDate "2010.10.02"]
[EventType "team-tourn"]
[EventRounds "9"]
[EventCountry "GER"]
[SourceTitle "EXT 2012"]
[Source "ChessBase"]
[SourceDate "2011.11.24"]
[SourceVersion "1"]
[SourceVersionDate "2011.11.24"]
[SourceQuality "1"]
[WhiteTeam "Emsdetten Rochade II"]
[BlackTeam "Emsdetten Turm III"]
[WhiteTeamCountry "GER"]
[BlackTeamCountry "GER"]

1. e4 d5 2. exd5 Nf6 3. Bc4 Nxd5 4. Nc3 Nxc3 5. Qf3 e6 6. Qxc3 Qf6 7. Qxf6 gxf6 8. d4 Bd7 9. Ne2 Bc6 10. Rg1 Bd6 11. g3 Nd7 12. Nc3 1/2-1/2

[Event "Steinfurt Bezirksliga 0910"]
[Site "Germany"]
[Date "2009.12.05"]
[Round "4.2"]
[White "Loecke, Christian"]
[Black "Bienhuels, Franz Josef"]
[Result "0-1"]
[WhiteElo "1846"]
[BlackElo "1933"]
[PlyCount "100"]
[EventDate "2009.09.12"]
[EventType "team-tourn"]
[EventRounds "9"]
[EventCountry "GER"]
[SourceTitle "EXT 2011"]
[Source "ChessBase"]
[SourceDate "2010.11.26"]
[SourceVersion "1"]
[SourceVersionDate "2010.11.26"]
[SourceQuality "1"]
[WhiteTeam "Emsdetten Turm III"]
[BlackTeam "Westerkappeln"]
[WhiteTeamCountry "GER"]
[BlackTeamCountry "GER"]

1. e4 c5 2. Nc3 Nc6 3. f4 e6 4. Nf3 a6 5. d4 cxd4 6. Nxd4 Nge7 7. Be3 Nxd4 8. Bxd4 Nc6 9. Be3 Bb4 10. Qd3 0-0 11. Be2 d5 12. 0-0-0 Qa5 13. exd5 Bxc3 14. Qxc3 Nb4 15. Qc5 Qa4 16. a3 Nxd5 17. Rd4 Qe8 18. Rd2 b6 19. Qd4 Bb7 20. Bf3 b5 21. Rhd1 a5 22. Be4 b4 23. Qd3 f5 24. Bxd5 Bxd5 25. Bc5 Rf7 26. Re2 Qc8 27. Qe3 Be4 28. Rdd2 Rc7 29. Bd6 Rc6 30. Be5 Bd5 31. Qg3 Qb7 32. h4 Qf7 33. Qg5 bxa3 34. bxa3 Rb6 35. c3 Rb3 36. Ra2 Rc8 37. Qg3 Qf8 38. h5 Rxa3 39. Rab2 Be4 40. h6 Ra1+ 41. Kd2 Rd8+ 42. Bd4 g6 43. Qg5 Ra3 44. Rxe4 Rxc3 45. Kxc3 Qa3+ 46. Kc2 Qa4+ 47. Kd3 fxe4+ 48. Ke2 Qc4+ 49. Ke1 Qxd4 50. Rb7 Qe3+ 0-1

[Event "Steinfurt Bezirksliga 0809"]
[Site "Germany"]
[Date "2009.03.14"]
[Round "7.2"]
[White "Keller, Hansjuergen"]
[Black "Loecke, Christian"]
[Result "0-1"]
[WhiteElo "1629"]
[BlackElo "1829"]
[PlyCount "41"]
[EventDate "2008.09.27"]
[EventType "team-tourn"]
[EventRounds "9"]
[EventCountry "GER"]
[SourceTitle "EXT 2010"]
[Source "ChessBase"]
[SourceDate "2010.11.25"]
[SourceVersion "1"]
[SourceVersionDate "2010.11.25"]
[SourceQuality "1"]
[WhiteTeam "Nordwalde II"]
[BlackTeam "Emsdetten Turm III"]
[WhiteTeamCountry "GER"]
[BlackTeamCountry "GER"]

1. d4 d5 2. Nf3 Nf6 3. Bf4 Bf5 4. e3 e6 5. Bd3 c6 6. c3 Bd6 7. Bxd6 Qxd6 8. Qc2 Bxd3 9. Qxd3 0-0 10. Nbd2 Nbd7 11. 0-0 Rfe8 12. Rfe1 e5 13. dxe5 Nxe5 14. Nxe5 Qxe5 15. Nf3 Qh5 16. c4 Rad8 17. Rad1 Rd7 18. cxd5 Nxd5 19. e4 Nf6 20. Qe2 Rde7 21. Rd4 0-1

[Event "Steinfurt Bezirksliga 0809"]
[Site "Germany"]
[Date "2008.11.22"]
[Round "3.2"]
[White "Muhmann, Reinhard"]
[Black "Loecke, Christian"]
[Result "0-1"]
[WhiteElo "1468"]
[BlackElo "1829"]
[PlyCount "74"]
[EventDate "2008.09.27"]
[EventType "team-tourn"]
[EventRounds "9"]
[EventCountry "GER"]
[SourceTitle "EXT 2010"]
[Source "ChessBase"]
[SourceDate "2010.11.25"]
[SourceVersion "1"]
[SourceVersionDate "2010.11.25"]
[SourceQuality "1"]
[WhiteTeam "Emsdetten Rochade III"]
[BlackTeam "Emsdetten Turm III"]
[WhiteTeamCountry "GER"]
[BlackTeamCountry "GER"]

1. d4 d5 2. Nf3 e6 3. Bf4 f5 4. e3 Nf6 5. Bd3 Bd6 6. Bg3 0-0 7. c3 Nbd7 8. Bxd6 cxd6 9. Qc2 Ne4 10. Nbd2 Ndf6 11. h3 Bd7 12. Rf1 Qa5 13. Nb3 Qc7 14. Nfd2 Rfc8 15. Nxe4 dxe4 16. Be2 b5 17. Nd2 Ne8 18. g4 d5 19. gxf5 exf5 20. Nb3 Nd6 21. Nc5 Nc4 22. Bxc4 bxc4 23. Rh1 Be8 24. a3 Bh5 25. Kd2 Bf3 26. Rhg1 Qh2 27. Raf1 Bg2 28. Re1 Bxh3 29. Kd1 Bg2 30. Qa4 f4 31. Qd7 Rd8 32. Qg4 f3 33. Ne6 Rd7 34. Nf4 Rb7 35. Qe6+ Kh8 36. Kc2 Rab8 37. Kb1 Qxg1 0-1

[Event "Steinfurt Bezirksliga 0809"]
[Site "Germany"]
[Date "2008.09.27"]
[Round "1.1"]
[White "Loecke, Christian"]
[Black "Hokamp, Sascha"]
[Result "1/2-1/2"]
[WhiteElo "1829"]
[BlackElo "1945"]
[PlyCount "39"]
[EventDate "2008.09.27"]
[EventType "team-tourn"]
[EventRounds "9"]
[EventCountry "GER"]
[SourceTitle "EXT 2010"]
[Source "ChessBase"]
[SourceDate "2010.11.25"]
[SourceVersion "1"]
[SourceVersionDate "2010.11.25"]
[SourceQuality "1"]
[WhiteTeam "Emsdetten Turm III"]
[BlackTeam "Reckenfeld"]
[WhiteTeamCountry "GER"]
[BlackTeamCountry "GER"]

1. e4 d6 2. d4 Nf6 3. Nc3 c6 4. f3 Nbd7 5. Be3 e5 6. Bd3 Be7 7. Qd2 0-0 8. a4 b6 9. Nge2 exd4 10. Nxd4 Ne5 11. Bf4 Bd7 12. 0-0 Qc8 13. Qe2 Ng6 14. Bg3 Nh5 15. f4 Nxg3 16. hxg3 Bg4 17. Nf3 Re8 18. Ba6 Qc7 19. Qc4 Bd8 20. Rad1 1/2-1/2

[Event "NRW Class1 0607"]
[Site "Germany"]
[Date "2006.11.26"]
[Round "3.7"]
[White "Shlyakman, Borys"]
[Black "Loecke, Christian"]
[Result "1/2-1/2"]
[WhiteElo "2150"]
[BlackElo "1733"]
[PlyCount "51"]
[EventDate "2006.09.17"]
[EventType "team-tourn"]
[EventRounds "9"]
[EventCountry "GER"]
[SourceTitle "EXT 2008"]
[Source "ChessBase"]
[SourceDate "2007.11.25"]
[SourceVersion "1"]
[SourceVersionDate "2007.11.25"]
[SourceQuality "1"]
[WhiteTeam "Muelheim Nord II"]
[BlackTeam "Emsdetten II"]
[WhiteTeamCountry "GER"]
[BlackTeamCountry "GER"]

1. Nf3 d5 2. g3 Nf6 3. Bg2 c6 4. 0-0 Bf5 5. d3 e6 6. h3 Bd6 7. Nbd2 0-0 8. Nh4 Qc7 9. Nxf5 exf5 10. e3 Re8 11. Nf3 Nbd7 12. b3 Ne5 13. Bb2 g6 14. Nd4 Rad8 15. Qd2 Qe7 16. Rad1 h5 17. h4 Neg4 18. Nf3 Ne5 19. Ng5 Neg4 20. Rfe1 Qc7 21. Re2 Be5 22. Bc1 Nxf2 23. Rxf2 Bxg3 24. Nf3 Bxf2+ 25. Qxf2 Ng4 26. Qf1 1/2-1/2

[Event "Muensterland Verbandsklasse-A 0607"]
[Site "Germany"]
[Date "2006.10.21"]
[Round "2.6"]
[White "Janz, Stefan"]
[Black "Loecke, Christian"]
[Result "1/2-1/2"]
[WhiteElo "1759"]
[BlackElo "1733"]
[PlyCount "52"]
[EventDate "2006.09.23"]
[EventType "team"]
[EventRounds "9"]
[EventCountry "GER"]
[SourceTitle "EXT 2008"]
[Source "ChessBase"]
[SourceDate "2007.11.25"]
[SourceVersion "1"]
[SourceVersionDate "2007.11.25"]
[SourceQuality "1"]
[WhiteTeam "Sendenhorst"]
[BlackTeam "Emsdetten Turm III"]
[WhiteTeamCountry "GER"]
[BlackTeamCountry "GER"]

1. d4 d5 2. e4 dxe4 3. Nc3 e6 4. Nxe4 Bd7 5. Nf3 Bc6 6. Bd3 Bxe4 7. Bxe4 c6 8. c3 Nf6 9. Bg5 Be7 10. Bc2 Nbd7 11. Qe2 h6 12. Bh4 Nd5 13. Bg3 N7f6 14. 0-0 Nh5 15. Ne5 Nxg3 16. fxg3 Bf6 17. Rae1 Qe7 18. a3 0-0-0 19. Rf3 Nc7 20. Nd3 Rd6 21. Nc5 Rhd8 22. Ne4 R6d7 23. Ref1 Ne8 24. Kh1 Kb8 25. Nc5 Rd6 26. Ne4 R6d7 1/2-1/2

[Event "Muensterland Verbandsklasse-A 0405"]
[Site "Muensterland"]
[Date "2005.04.23"]
[Round "9.4"]
[White "Michaelis, Ernst"]
[Black "Loecke, Christian"]
[Result "1-0"]
[WhiteElo "1742"]
[BlackElo "1741"]
[PlyCount "67"]
[EventDate "2004.09.11"]
[EventType "team"]
[EventRounds "9"]
[EventCountry "GER"]
[SourceTitle "EXT 2006"]
[Source "ChessBase"]
[SourceDate "2005.11.24"]
[SourceVersion "1"]
[SourceVersionDate "2005.11.24"]
[SourceQuality "1"]
[WhiteTeam "Muenster Indische Dame"]
[BlackTeam "Emsdetten Turm III"]
[WhiteTeamCountry "GER"]
[BlackTeamCountry "GER"]

1. e4 d5 2. exd5 Nf6 3. d4 Nxd5 4. Nc3 Bf5 5. Nf3 e6 6. Bb5+ c6 7. Ba4 Nxc3 8. bxc3 Qa5 9. Bb3 Qxc3+ 10. Bd2 Qb2 11. 0-0 Qa3 12. Nh4 Bg6 13. Re1 Be7 14. Nxg6 hxg6 15. Qf3 Qd6 16. h3 Na6 17. c3 0-0 18. Qg4 Nc7 19. h4 Nd5 20. Qh3 Nf6 21. g4 Kh7 22. h5 gxh5 23. g5 g6 24. gxf6 Bxf6 25. Qf3 Bg7 26. Bc2 Bh6 27. Qxh5 Rh8 28. Qxh6+ Kg8 29. Qf4 Qe7 30. Qg3 Rh5 31. Re5 Rxe5 32. Qxe5 Qh4 33. Kg2 Qg4+ 34. Qg3 1-0

[Event "Steinfurt Bezirksliga 0304"]
[Site "Germany"]
[Date "2004.05.22"]
[Round "9.3"]
[White "Uiess, Heinz"]
[Black "Loecke, Christian"]
[Result "1/2-1/2"]
[WhiteElo "1643"]
[BlackElo "1702"]
[PlyCount "117"]
[EventDate "2003.10.18"]
[EventType "team-tourn"]
[EventRounds "9"]
[EventCountry "GER"]
[SourceTitle "EXT 2005"]
[Source "ChessBase"]
[SourceDate "2004.11.15"]
[SourceVersion "1"]
[SourceVersionDate "2004.11.15"]
[SourceQuality "1"]
[WhiteTeam "Steinfurt II"]
[BlackTeam "Emsdetten Turm IV"]
[WhiteTeamCountry "GER"]
[BlackTeamCountry "GER"]

1. Nf3 d5 2. d4 e6 3. c4 f5 4. Nc3 Nf6 5. Bf4 Bd6 6. Bxd6 Qxd6 7. e3 c6 8. c5 Qe7 9. b4 Nbd7 10. Be2 0-0 11. 0-0 Ne4 12. Nxe4 fxe4 13. Nd2 Qg5 14. Qb3 Nf6 15. f4 Qh4 16. Rf2 Bd7 17. g3 Qh3 18. Bf1 Qg4 19. Be2 Qg6 20. Qd1 Kf7 21. Rg2 Ke7 22. g4 h6 23. g5 hxg5 24. Rxg5 Qh7 25. Qe1 Rh8 26. Qg3 Rag8 27. Kh1 g6 28. Rg1 Kf7 29. Rg2 Qg7 30. Qf2 Rh6 31. Nf1 Qh7 32. Kg1 Nh5 33. Bxh5 Rxh5 34. Rxh5 Qxh5 35. Rg5 Qd1 36. Qg3 Be8 37. h4 Kg7 38. h5 Kh7 39. f5 exf5 40. hxg6+ Bxg6 41. Qh2+ Kg7 42. Qe5+ Kh7 43. Rg2 Kh6 44. Qf6 Kh7 45. Qh4+ Qh5 46. Qxh5+ Bxh5 47. Rxg8 Kxg8 48. Kg2 Kf7 49. Kg3 Be2 50. Nd2 b6 51. a4 Ke6 52. Nb1 b5 53. a5 Kf6 54. Kf4 a6 55. Nc3 Bc4 56. Nd1 Bf1 57. Nf2 Bg2 58. Kg3 Bf1 59. Kf4 1/2-1/2

[Event "Steinfurt Bezirksliga 0304"]
[Site "Germany"]
[Date "2004.03.13"]
[Round "6.3"]
[White "Loecke, Christian"]
[Black "Boerger, Andreas1111"]
[Result "1/2-1/2"]
[WhiteElo "1702"]
[BlackElo "1641"]
[PlyCount "75"]
[EventDate "2003.10.18"]
[EventType "team-tourn"]
[EventRounds "9"]
[EventCountry "GER"]
[SourceTitle "EXT 2005"]
[Source "ChessBase"]
[SourceDate "2004.11.15"]
[SourceVersion "1"]
[SourceVersionDate "2004.11.15"]
[SourceQuality "1"]
[WhiteTeam "Emsdetten Turm IV"]
[BlackTeam "Reckenfeld"]
[WhiteTeamCountry "GER"]
[BlackTeamCountry "GER"]

1. e4 e6 2. d4 d5 3. exd5 exd5 4. Nf3 Bg4 5. Bd3 Bd6 6. 0-0 Ne7 7. Re1 0-0 8. Bxh7+ Kh8 9. Bd3 Re8 10. Bg5 f6 11. Be3 Nd7 12. Nbd2 c6 13. c3 Nf8 14. Qc2 Qd7 15. Kf1 Bf5 16. Ke2 Bxd3+ 17. Qxd3 Nf5 18. Nf1 Ng6 19. Kd2 Re4 20. Kc2 Rae8 21. Bd2 Bf4 22. g3 Bxd2 23. Kxd2 Nd6 24. Ne3 Ne7 25. Kc2 Nef5 26. Ng2 g5 27. Nd2 Rxe1 28. Rxe1 Rxe1 29. Nxe1 Qh7 30. g4 Qxh2 31. gxf5 Qxf2 32. Qh3+ Kg7 33. Nef3 Nc4 34. Kb3 Ne3 35. Qh2 Qxh2 36. Nxh2 Nxf5 37. Kc2 Kg6 38. Kd3 1/2-1/2

[Event "Steinfurt Bezirksklasse 0203"]
[Site "Germany"]
[Date "2002.11.09"]
[Round "2.2"]
[White "Stroot, Helmut"]
[Black "Loecke, Christian"]
[Result "1/2-1/2"]
[WhiteElo "1400"]
[BlackElo "1588"]
[PlyCount "32"]
[EventDate "2002.09.28"]
[EventType "team-tourn"]
[EventRounds "7"]
[EventCountry "GER"]
[SourceTitle "EXT 2005"]
[Source "ChessBase"]
[SourceDate "2004.11.15"]
[SourceVersion "1"]
[SourceVersionDate "2004.11.15"]
[SourceQuality "1"]
[WhiteTeam "Rheine CC"]
[BlackTeam "Emsdetten Turm IV"]
[WhiteTeamCountry "GER"]
[BlackTeamCountry "GER"]

1. d4 e6 2. Bf4 f5 3. Nf3 Nf6 4. e3 d5 5. Nbd2 Bd6 6. Ne5 c6 7. Ndf3 Qc7 8. Be2 Nbd7 9. 0-0 0-0 10. c4 Nh5 11. c5 Nxf4 12. exf4 Nxe5 13. Nxe5 Bxe5 14. fxe5 Bd7 15. f4 Be8 16. Rf3 Bh5 1/2-1/2

[Event "Steinfurt Bezirksklasse 0203"]
[Site "Germany"]
[Date "2002.09.28"]
[Round "1.4"]
[White "Loecke, Christian"]
[Black "Schulte, Rainer"]
[Result "1/2-1/2"]
[WhiteElo "1588"]
[BlackElo "1496"]
[PlyCount "63"]
[EventDate "2002.09.28"]
[EventType "team-tourn"]
[EventRounds "7"]
[EventCountry "GER"]
[SourceTitle "EXT 2005"]
[Source "ChessBase"]
[SourceDate "2004.11.15"]
[SourceVersion "1"]
[SourceVersionDate "2004.11.15"]
[SourceQuality "1"]
[WhiteTeam "Emsdetten Turm IV"]
[BlackTeam "Emsdetten Rochade III"]
[WhiteTeamCountry "GER"]
[BlackTeamCountry "GER"]

1. e4 c6 2. d4 d5 3. f3 Nd7 4. Nc3 dxe4 5. fxe4 Ngf6 6. Nf3 e6 7. Bd3 c5 8. e5 Nd5 9. Nxd5 exd5 10. c3 Be7 11. 0-0 Nf8 12. Qe2 Ne6 13. Qf2 h6 14. Be3 c4 15. Bf5 0-0 16. Qg3 Ng5 17. Bc2 Nxf3+ 18. Qxf3 Be6 19. Qh5 Bg5 20. Bxg5 Qxg5 21. Qxg5 hxg5 22. Rf3 f5 23. Raf1 g6 24. h3 Kg7 25. Kf2 Rf7 26. Ke3 Raf8 27. R3f2 b5 28. g3 Kh6 29. Bd1 Kg7 30. Kd2 a5 31. Bc2 Rb8 32. Rb1 1/2-1/2